00760cam a2200229 a 4500999001500000001000600015003000900021005001700030008004100047040002800088082002500116110001600141245004400157250001200201260004500213300003000258520003000288546002100318650005600339942001200395952012300407 c1054d105411738BD-DhUAP20200202130433.0200202s2008 bg 000 0 eng  aDLCcDLCdBD-DhUAPbEng00223a343.54920994 LAW1 aBangladesh.10aLaw on telecommunication in Bangladesh. a5th ed. aDhaka :bMainstream Law Reports,cc2008. aviii, 260 pages ;c26 cm. aIncludes text of the act. aPart in Bengali. 0aTelecommunicationxLaw and legislationzBangladesh. 2ddccBK 00102ddc4070aUAPCLbUAPCLcGeneral Stacksd2020-02-02o343.54920994 LAWp3010011738r2020-02-02t1w2020-02-02yBK